zpět

Detail výsledku týmu

Piksla Břeclav, Břeclav

Datum a čas kvízu

20.5 Celkem bodů Celkový počet nahraných bodů na tomto kvízu bez doplňovacích otázek.
4. Pořadí na kvízu Konečné umístění týmu na tomto kvízu.

Zaznamenané odpovědi

# Otázka Odpověď Body Výsledky
1. V dnešním kvízu zavítáme do vš... Dalibor, Čertova stěna 1
2. Tento svérázný současný hudebn... Varhan Orchestrovič 1
3. Hudbu na pomezí funku, popu a... Jazzevec 0
4. Křestní jméno i příjmení jazzm... Herbie Hancock 0
5. Jak se nazývá bezmála devítimi... Rakousko 0
6. Který Sir je spoluautorem a zp... Elton John 1
7. Která česká zpěvačka přezpíval... Petra Janů 1
8. Jak se jmenuje hvězda současné... Beyoncé 1
9. Které slovo neexistuje dle tex... nejde 1
10. Jak zní pseudonym umělce, kter... Iggy Pop 0